000
00288nam a22001217a 4500
008
180420b xxu||||| |||| 00| 0 eng d
041
_a
eng
080
_a
043.3
100
_a
0
101
_a
SHKI-BTH
245
_a
Security and privacy on internet of things
_c
Kurteshi,V
942
_2
udc
_c
BK
999
_c
45343
_d
45343